Az evang. püspökválasztásra...

Noticka k predvolebnému hnutiu evanjelickej cirkve, ktoré na zhromaždení v Košiciach 27. decembra1910 sa dohodli na požiadavkách na schopnosti nového biskupa - o.i. požadujú znalosť slovenčiny, maďarčiny i nemčiny. Podľa nich prichádzajú do úvahy len dvaja kandidáti Pavol Gyürky a Henrich Geduly....

Celý popis

Podrobná bibliografia
Médium: Článok
Jazyk:Hungarian
Témy:
Zdroj: 1. Szepesi Hirnök : Zipser Bote 1. Roč. 48, č. 53 (31.12.1910) s. 4
LEADER 01151nab#a2200325#ar4500
001 000079331
003 SVKKK
005 20030213xxxxxxx.
008 06 c xo huno
FMT
038 |a SVKKK 
040 |a SVKKK  |b slo  |e AACR2 
041 0 |a hun 
044 |a xo  |c SK 
080 |a 284.1(Abov):262.3 
242 1 0 |a K voľbám evanj. biskupa... 
245 0 0 |a Az evang. püspökválasztásra... 
500 |a Zd/77, Ba/02 
520 2 |a Noticka k predvolebnému hnutiu evanjelickej cirkve, ktoré na zhromaždení v Košiciach 27. decembra1910 sa dohodli na požiadavkách na schopnosti nového biskupa - o.i. požadujú znalosť slovenčiny, maďarčiny i nemčiny. Podľa nich prichádzajú do úvahy len dvaja kandidáti Pavol Gyürky a Henrich Geduly. 
650 0 4 |a potiský dištrikt evanjelickej a.v. cirkvi - voľba biskupa - návrhy - Košice - december 1910 - noticka 
773 0 |t Szepesi Hirnök : Zipser Bote  |g Roč. 48, č. 53 (31.12.1910) s. 4 
957 |a (Abov) 
957 |a Košice 
958 |a CI 
958 |a DG 
958 |a SK 
974 |a Ba  |d 20030213 
992 |a RBX 
BAS
998 |a RETRO